ბათუმის შოთა რუსთაველის სახელმწიფო უნივერსიტეტის ბიბლიოთეკა

დასავლეთ საქართველოში გავრცელებული თაფლის ბიოლოგიურად აქტიური კვლევა UPLC მეთოდებით / (ბიბ.ჩანაწერი № 62169)

000 -ლიდერი
ფიქსირებული სიგრძის საკონტროლო ველი 01523nam a22002297a 4500
003 - საკონტროლო ნომრის იდენტიფიკატორი
საკონტროლო ველი Ge_BSU
005 - ბოლო ოპერაციის თარიღი და დრო
საკონტროლო ველი 20240725145548.0
008 - ფიქსირებული სიგრძის მონაცემთა ელემენტები - ზოგადი ინფორმაცია
ფიქსირებული სიგრძის საკონტროლო ველი 240725s2024 ge ||||| |||| 00| 0 geo d
041 ## - ენის კოდი
Language code of text/sound track or separate title geo
080 ## - უნივერსალური ათობითი კლასიფიკაციის ინდექსი
Universal Decimal Classification number 54 ა-14
100 ## - მთავარი ჩანაწერი - პიროვნების სახელი
Personal name აბაშიძე,ნონა
9 (RLIN) 22968
245 ## - ცნობა სათაურის შესახებ
Title დასავლეთ საქართველოში გავრცელებული თაფლის ბიოლოგიურად აქტიური კვლევა UPLC მეთოდებით /
Statement of responsibility, etc ნონა აბაშიძე, სამეცნ.ხელმძღვ.ინდირა ჯაფარიძე
264 ## - წარმოების, გამოცემის, დისტრიბუციის და სხვა ცნობები
გამოცემის, წარმოების, დისტრიბუციის... ადგილი ბათუმი:
გამოცემის, წარმოების, დისტრიბუციის... სახელწოდება ბათუმის შოთა რუსთაველის სახელმწიფო უნივერსიტეტი,
გამოცემის, წარმოების, დისტრიბუციის... თარიღი 2024.
300 ## - ფიზიკური აღწერა
Extent 147 გვ.:
Other physical details ცხრ; დიაგ;
Dimensions 30სმ.
653 ## - INDEX TERM--UNCONTROLLED
Uncontrolled term ქიმია
653 ## - INDEX TERM--UNCONTROLLED
Uncontrolled term დისერტაცია
700 ## - ADDED ENTRY--PERSONAL NAME
Personal name ჯაფარიძე,ინდირა
Relator term სამეცნიერო ხელმძღვანელი
9 (RLIN) 22969
710 ## - ADDED ENTRY--CORPORATE NAME
Corporate name or jurisdiction name as entry element ბათუმის შოთა რუსთაველის სახელმწიფო უნივერსიტეტი
9 (RLIN) 22970
710 ## - ADDED ENTRY--CORPORATE NAME
Corporate name or jurisdiction name as entry element საბუნებისმეტყველო მეცნიერებათა და ჯანდაცვის ფაკულტეტი
9 (RLIN) 22971
710 ## - ADDED ENTRY--CORPORATE NAME
Corporate name or jurisdiction name as entry element ქიმიის დეპარტამენტი
9 (RLIN) 22972
942 ## - ADDED ENTRY ELEMENTS (KOHA)
Source of classification or shelving scheme
Koha item type დისერტაცია
ეგზემპლარები
ჩამოწერის სტატუსი დაკარგული ეგზემპლარის სტატუსი კლასიფიკაციის წყარო ან თაროზე გაწყობის სქემა დაზიანების სტატუსი არ გაიცემა მუდმივი მდებარეობა (დაცვის ადგილი) ამჟამინდელი ადგილსამყოფელი თაროზე განთავსების ადგილი შეძენის თარიღი სრული შენახვის შიფრი შტრიხკოდი ბოლო ოპერაციის თარიღი ეგზემპლარის მიმდევრობითი ნომერი (კეტერი?) ფასის ძალაში შესვლის თარიღი ეგზემპლარის სახეობა
          ბათუმის შოთა რუსთაველის სახელმწიფო უნივერსიტეტის მთავარი ბიბლიოთეკა ბათუმის შოთა რუსთაველის სახელმწიფო უნივერსიტეტის მთავარი ბიბლიოთეკა წიგნსაცავი 2024-07-25 54 ა-14 431 დისერტაცია 2024-07-25 431 დისერტაცია 2024-07-25 დისერტაცია